The South: Its Economic-Geographic Development (Record no. 2310)

MARC details
000 -LEADER
fixed length control field 00353nam a22001337a 4500
008 - FIXED-LENGTH DATA ELEMENTS--GENERAL INFORMATION
fixed length control field 250313b |||||||| |||| 00| 0 eng d
020 ## - INTERNATIONAL STANDARD BOOK NUMBER
ISBN 837129044
100 ## - MAIN ENTRY--AUTHOR
Author PARKINS, E . A
245 ## - TITLE STATEMENT
Title The South: Its Economic-Geographic Development
260 ## - PUBLICATION, DISTRIBUTION, ETC. (IMPRINT)
Place of publication U.S.A
Name of publisher Green word Press Publishers
Date of publication 1938
300 ## - COLLATION
Pagination 528p.
942 ## - ADDED ENTRY ELEMENTS (KOHA)
Item type Books
050 ## - LIBRARY OF CONGRESS CALL NUMBER
Classification number HC107
Item number .P37
Holdings
Source of classification or shelving scheme Not for loan Permanent location Current location Date acquired Accession No. Full call number Barcode. Koha item type
Library of Congress Classification   Samuel Ogbemudia Main Library, University of Abuja Samuel Ogbemudia Main Library, University of Abuja 03/13/2025 91/003771 HC107.P37 2025-0574 Books